000 00405nam a2200157Ia 4500
008 240729s9999 xx 000 0 und d
022 _a2242-4075
245 0 _aSilva Fennica
260 _aFinland
260 _bFinnish Society of Forest Science
650 _a Forestry
650 _aAgriculture
856 _uhttps://doaj.org/toc/3ddbf71a2b3846869dcda66e5799adc0
942 _2ddc
942 _cDOAJEJ
999 _c65857
_d65857
945 _a1
_bMadushi Gamage
_c1
_dMadushi Gamage